|
|
|
|
| LEADER |
00000nam0a2200000 4500 |
| 001 |
600230 |
| 005 |
20231218151231.0 |
| 029 |
0 |
0 |
|a SU
|b 7280-В87
|f ВИНИТИ
|
| 035 |
|
|
|a (RuTPU)RU\TPU\tpu\24499
|
| 035 |
|
|
|a RU\TPU\tpu\24498
|
| 090 |
|
|
|a 600230
|
| 100 |
|
|
|a 20140204j19871015k y0rusy50 ca
|
| 101 |
0 |
|
|a rus
|
| 102 |
|
|
|a RU
|
| 105 |
|
|
|a y z 000zy
|
| 200 |
1 |
|
|a Влияние излучения лазера на парах меди на развитие опухолей в эксперименте
|f Б. Н. Зырянов [и др.]
|g ред. журн. "Бюллетень экспериментальной биологии и медицины", журнал ; Академия медицинских наук СССР (АМН СССР)
|
| 210 |
|
|
|a Москва
|d 1987
|
| 215 |
|
|
|a 7 с.
|
| 300 |
|
|
|a Деп. в ВИНИТИ 15.10.87, № 7280-В87
|
| 320 |
|
|
|a Библиогр.: 6 назв.
|
| 333 |
|
|
|a В фонде НТБ ТПУ отсутствует
|
| 610 |
1 |
|
|a труды учёных ТПУ
|
| 610 |
1 |
|
|a депонированные рукописи
|
| 701 |
|
1 |
|a Зырянов
|b Б. Н.
|
| 701 |
|
1 |
|a Цукерман
|b И. Я.
|
| 701 |
|
1 |
|a Гаман
|b А. В.
|
| 701 |
|
1 |
|a Удалый
|b И. Ф.
|
| 701 |
|
1 |
|a Евтушенко
|b Г. С.
|c российский специалист в области электрофизики
|c профессор Томского политехнического университета, доктор технических наук
|f 1947-
|g Геннадий Сергеевич
|3 (RuTPU)RU\TPU\pers\21960
|4 070
|9 9279
|
| 712 |
0 |
2 |
|a "Бюллетень экспериментальной биологии и медицины", журнал
|c Москва
|
| 712 |
0 |
2 |
|a Академия медицинских наук СССР (АМН СССР)
|3 (RuTPU)RU\TPU\col\6122
|
| 801 |
|
1 |
|a RU
|b 63413507
|c 20120220
|
| 801 |
|
2 |
|a RU
|b 63413507
|c 20140204
|g RCR
|
| 942 |
|
|
|c BK
|